[Event "AUTO-ELITE-1844"]
[Site "http://www.queenalice.com/game.php?id=1633332"]
[Date "2020.11.17"]
[Round "2"]
[White "shogun"]
[Black "FabioDavid"]
[Result "1-0"]
[WhiteElo "2586"]
[BlackElo "2215"]

1. e4 e6 2. c4 d5 3. cxd5 exd5 4. exd5 Nf6 5. Bb5+ Nbd7 6. d4 Bb4+ 7. Bd2 Bxd2+
8. Qxd2 O-O 9. Nc3 Re8+ 10. Nge2 a6 11. Bd3 Nb6 12. O-O Nbxd5 13. f3 1-0

[Event "AUTO-ELITE-1844"]
[Site "http://www.queenalice.com/game.php?id=1633333"]
[Date "2020.11.17"]
[Round "2"]
[White "FabioDavid"]
[Black "shogun"]
[Result "0-1"]
[WhiteElo "2216"]
[BlackElo "2585"]

1. b3 Nc6 2. Bb2 Nf6 3. Nf3 d5 4. e3 Bg4 5. Be2 e6 6. d4 Bb4+ 7. c3 Bd6 8. Nbd2
O-O 9. O-O a5 10. c4 a4 11. bxa4 Bb4 12. cxd5 exd5 13. h3 Bh5 0-1

[Event "Challenge"]
[Site "http://www.queenalice.com/game.php?id=1633818"]
[Date "2020.11.22"]
[Round "-"]
[White "TheWatcher"]
[Black "shogun"]
[Result "0-1"]
[WhiteElo "2301"]
[BlackElo "2588"]

1. d4 Nc6 2. e4 Nf6 3. Nc3 e5 4. Bg5 exd4 5. Nd5 Be7 6. Bxf6 Bxf6 7. f4 O-O 8.
Nf3 d6 9. Qd2 Re8 10. Bd3 Bf5 11. Qe2 Be6 12. Nxf6+ Qxf6 13. g3 Bg4 14. O-O Re7
15. Qg2 Rae8 16. a3 a6 17. Rae1 Qh6 18. Ng5 Ne5 19. fxe5 Qxg5 20. exd6 cxd6 21.
Rf4 Be6 22. Qf2 Qe5 23. g4 g5 24. Rf6 Bxg4 25. Rf1 Bh3 26. Rxf7 Bxf1 27. Rf5 Qg7
28. Qxf1 b5 29. a4 Rf8 30. axb5 axb5 31. Bxb5 Rxf5 32. Qxf5 Qe5 33. Bc4+ Kg7 34.
Qxe5+ dxe5 35. h3 Ra7 36. Kf2 h5 37. Kg3 Ra1 38. Bd3 Rd1 39. Be2 h4+ 0-1

[Event "Challenge"]
[Site "http://www.queenalice.com/game.php?id=1634070"]
[Date "2020.11.24"]
[Round "-"]
[White "shogun"]
[Black "TheWatcher"]
[Result "1-0"]
[WhiteElo "2588"]
[BlackElo "2305"]

1. e4 e5 2. Nf3 d6 3. d4 exd4 4. Qxd4 Bd7 5. Bf4 Nc6 6. Qd2 Nge7 7. Nc3 Ng6 8.
Bg3 Nce5 9. h4 h5 10. O-O-O Be7 11. Nd5 f6 12. Be2 Bg4 13. Nd4 Bxe2 14. Ne6 Qd7
15. Nexc7+ Kf7 16. Qxe2 Rac8 17. Nb5 Nc4 18. Nd4 Qa4 19. Kb1 Rc5 20. b3 Na3+ 21.
Kb2 Qa5 22. b4 Qa4 23. bxc5 dxc5 24. Nf5 Nc4+ 25. Ka1 b5 26. e5 fxe5 27. Qf3 Nf4
28. Nxf4 Qxc2 29. Qd5+ 1-0

[Event "AUTO-ELITE-2208"]
[Site "http://www.queenalice.com/game.php?id=1634308"]
[Date "2020.11.26"]
[Round "2"]
[White "shogun"]
[Black "fred57"]
[Result "0-1"]
[WhiteElo "2593"]
[BlackElo "2884"]

1. e4 c5 2. Nf3 Nc6 3. c3 Nf6 4. d4 Nxe4 5. d5 Nb8 6. Bf4 Nf6 7. Na3 a6 8. Nc4
b5 9. Ne3 d6 10. a4 bxa4 11. Qxa4+ Bd7 12. Qb3 Ra7 13. Nd2 g6 14. Be2 Bg7 15. h4
O-O 16. h5 a5 17. Qc4 Bc8 18. h6 Bh8 19. Qb3 Ba6 20. Ndc4 Nbd7 21. Bf3 Qc7 22.
O-O Rb8 23. Qa2 Bb5 24. Rfe1 Ne8 25. Ng4 Kf8 26. Nge3 Ne5 27. Nxe5 dxe5 28. Bh2
Nd6 29. Ng4 Bc4 30. Qb1 f6 31. Ne3 a4 32. Qc1 f5 33. g4 f4 34. Nxc4 Nxc4 35. Ra2
Nd6 36. Qc2 Qd7 37. Kg2 c4 38. Qd2 g5 39. Qc2 Kg8 40. Bd1 Ra5 41. Bf3 Qb5 42.
Qe2 Ra6 43. Rd1 Qd7 44. Kh1 Bf6 45. Bg2 Qc8 46. Rc1 Qf8 47. Be4 Qxh6 48. Kg2
Rab6 49. Rc2 Kg7 50. f3 Qh4 51. Bg1 Qg3+ 52. Kf1 Rb5 53. Ba7 Ra8 54. Bf2 Qh3+
55. Kg1 h5 56. gxh5 Qxh5 57. Be1 Nxe4 58. Qxe4 Rh8 59. Kf1 Qh1+ 60. Ke2 g4 61.
Rd2 g3 62. Bxg3 Qg2+ 63. Kd1 Qxg3 64. Kc1 Rh1+ 65. Kc2 Qg1 0-1

[Event "AUTO-ELITE-2208"]
[Site "http://www.queenalice.com/game.php?id=1634309"]
[Date "2020.11.26"]
[Round "2"]
[White "fred57"]
[Black "shogun"]
[Result "1-0"]
[WhiteElo "2882"]
[BlackElo "2595"]

1. d4 Nc6 2. Nf3 d6 3. e4 Nf6 4. Nc3 Bg4 5. Bg5 a6 6. d5 Ne5 7. Be2 Nxf3+ 8.
gxf3 Bh5 9. Bxf6 gxf6 10. f4 Bxe2 11. Qxe2 h5 12. O-O-O Bh6 13. Qe3 e5 14. dxe6
fxe6 15. Kb1 Qe7 16. Rhg1 O-O-O 17. Qa7 c6 18. f5 Kc7 19. Na4 Rhg8 20. Rge1 Rge8
21. fxe6 Qxe6 22. Qb6+ Kb8 23. Nc5 Qe7 24. Nxa6+ Kc8 25. Rd4 bxa6 26. Rb4 Kd7
27. Qxa6 Rc8 28. Qa5 Rc7 29. Qf5+ Qe6 30. Qh7+ Re7 31. Qxh6 Ra7 32. a3 f5 33.
Qxh5 c5 34. Rb8 fxe4 35. Qh8 Kc6 36. Qd8 Rec7 37. h4 Rab7 38. Rxb7 Kxb7 39. Rg1
Qe7 40. Qxe7 Rxe7 41. h5 Rh7 42. Rg5 Kc6 43. c4 Rf7 44. Rg2 Rh7 45. Rh2 Rh6 46.
Kc2 d5 47. cxd5+ Kxd5 48. Kc3 e3 49. fxe3 Ke4 50. Kc4 Kf3 51. a4 Kg3 52. Rc2 Kf3
53. a5 Kxe3 54. Rc3+ Ke4 55. Ra3 Ra6 56. Kxc5 Rh6 57. a6 Rxh5+ 58. Kc4 Rh8 59.
a7 Ra8 60. Kc5 1-0

[Event "AUTO-ELITE-2256"]
[Site "http://www.queenalice.com/game.php?id=1634386"]
[Date "2020.11.27"]
[Round "2"]
[White "shogun"]
[Black "Kuarwaki"]
[Result "1/2-1/2"]
[WhiteElo "2585"]
[BlackElo "2750"]

1. e4 c5 2. Nf3 d6 3. c3 Nf6 4. Bc4 e6 5. Qe2 Be7 6. d4 cxd4 7. cxd4 d5 8. exd5
exd5 9. Bb3 O-O 10. O-O Nc6 11. Nc3 Bg4 12. Rd1 Na5 13. h3 Nxb3 14. axb3 Be6 15.
Bf4 a6 16. Rd3 Re8 17. Re3 Nh5 18. Bh2 Bf8 19. Ne5 Nf6 20. Nd3 Bf5 21. g4 Rxe3
22. Qxe3 Bd7 23. Ne5 Be6 24. f4 Bd7 25. Bg3 b5 26. Qf3 b4 27. Nxd5 Be6 28. Nc7
Qxc7 29. Qxa8 Bd5 30. Qxa6 Qc2 31. Qf1 Qxb3 32. Bf2 Qxb2 33. g5 Ne4 34. Ra5 Nc3
35. Be1 Be4 36. Qf2 Qc1 37. Qd2 Qb1 38. Kh2 1/2-1/2

[Event "AUTO-ELITE-2256"]
[Site "http://www.queenalice.com/game.php?id=1634387"]
[Date "2020.11.27"]
[Round "2"]
[White "Kuarwaki"]
[Black "shogun"]
[Result "1-0"]
[WhiteElo "2745"]
[BlackElo "2590"]

1. c4 Nc6 2. d4 Nf6 3. Nf3 d6 4. Nc3 Bg4 5. d5 Ne5 6. Nxe5 dxe5 7. Qb3 b6 8. Bg5
g6 9. e4 Bg7 10. f3 Bd7 11. Rd1 O-O 12. Be2 Ne8 13. Qa3 Bf6 14. Be3 Nd6 15. b4
a5 16. b5 Bh4+ 17. g3 Bf6 18. Qb3 h5 19. O-O h4 20. Qc2 Rb8 21. g4 Qc8 22. Qd2
Kh7 23. a4 Nb7 24. Kh1 Ra8 25. g5 Bg7 26. f4 Bh3 27. f5 Bxf1 28. Rxf1 Rh8 29.
Bg4 Kg8 30. Qe2 gxf5 31. Bxf5 Qe8 32. g6 f6 33. Be6+ Kf8 34. Qg4 Nc5 35. Bxc5
Rh6 36. Be3 Qxg6 37. Qh3 Rh8 38. Rg1 1-0

[Event "AUTO-ELITE-2256"]
[Site "http://www.queenalice.com/game.php?id=1634388"]
[Date "2020.11.27"]
[Round "2"]
[White "shogun"]
[Black "wudang"]
[Result "1/2-1/2"]
[WhiteElo "2597"]
[BlackElo "2509"]

1. e4 c5 2. Nf3 e6 3. c4 Nc6 4. d4 cxd4 5. Nxd4 Nf6 6. Nc3 Bb4 7. Nxc6 bxc6 8.
Bd3 e5 9. O-O O-O 10. Be3 Bxc3 11. bxc3 d6 12. Rb1 Qc7 13. c5 d5 14. exd5 Nxd5
15. Bd2 Be6 16. Qa4 Rad8 17. Rfd1 Ne7 18. Ba6 Rb8 19. Be1 Bf5 20. Rb4 Nd5 21.
Rxb8 Rxb8 22. c4 Nf4 23. Ba5 Qe7 24. Qxc6 Qg5 25. h4 Qxh4 26. Qc7 Nh3+ 1/2-1/2

[Event "AUTO-ELITE-2256"]
[Site "http://www.queenalice.com/game.php?id=1634389"]
[Date "2020.11.27"]
[Round "2"]
[White "wudang"]
[Black "shogun"]
[Result "1-0"]
[WhiteElo "2646"]
[BlackElo "2591"]

1. d4 Nc6 2. d5 Ne5 3. f4 Ng6 4. Nf3 e6 5. dxe6 dxe6 6. Qxd8+ Kxd8 7. e4 Bc5 8.
Bd2 Nf6 9. Nc3 Bd7 10. Bd3 Ng4 11. Nd1 f6 12. b4 Bb6 13. c4 c5 14. b5 a6 15. a4
Ke7 16. g3 Ra7 17. Ke2 Rha8 18. Nb2 Bc7 19. Rab1 Ke8 20. h3 Nh6 21. Be3 axb5 22.
cxb5 b6 23. Nd2 Nf7 24. Ndc4 Ne7 25. a5 Rxa5 26. Nxa5 Rxa5 27. Nc4 Ra4 28. Kf3
e5 29. Rhc1 exf4 30. Bxf4 Bd8 31. h4 Ng6 32. Ke3 Nxf4 33. gxf4 g5 34. hxg5 fxg5
35. f5 g4 36. Ke2 Kf8 37. e5 Ng5 38. f6 Bc7 39. Ke3 g3 40. Ra1 Bxb5 41. Rxa4
Bxa4 42. Kf4 Nf7 43. Ra1 b5 44. Be4 h5 45. Kf5 Nh6+ 46. Ke6 Bd8 47. Ra3 h4 48.
Rd3 Nf7 49. Rd7 Ng5+ 50. Kf5 Ke8 51. Bc6 bxc4 52. Bxa4 Bxf6 53. exf6 g2 54. Rd2+
Kf7 55. Rxg2 Ne6 56. Be8+ 1-0

[Event "Challenge"]
[Site "http://www.queenalice.com/game.php?id=1642522"]
[Date "2021.2.4"]
[Round "-"]
[White "TheWatcher"]
[Black "shogun"]
[Result "0-1"]
[WhiteElo "2271"]
[BlackElo "2591"]

1. e4 Nc6 2. d4 Nf6 3. Nf3 Nxe4 4. d5 Nb8 5. Qd4 Nf6 6. Bg5 g6 7. Nc3 Bg7 8.
O-O-O d6 9. Re1 O-O 10. Qh4 c6 11. Bc4 Nbd7 12. Bh6 cxd5 13. Bxg7 Kxg7 14. Bxd5
Nc5 15. b4 Na4 16. Nxa4 Nxd5 17. Ng5 Nf6 18. Nc3 Bf5 19. Re3 Rc8 20. Rhe1 d5 21.
Rd1 e5 22. g4 Bxg4 23. Rxd5 Nxd5 24. Qxh7+ Kf6 25. Nce4+ Ke7 0-1

[Event "Challenge"]
[Site "http://www.queenalice.com/game.php?id=1644827"]
[Date "2021.2.25"]
[Round "-"]
[White "ClivetheBeard"]
[Black "shogun"]
[Result "1-0"]
[WhiteElo "2629"]
[BlackElo "2595"]

1. e4 Nc6 2. d3 Nf6 3. f4 d6 4. Nf3 g6 5. Be2 Bg7 6. O-O O-O 7. c3 e5 8. fxe5
dxe5 9. b4 a6 10. a4 Be6 11. Kh1 Re8 12. Ng5 Bd7 13. Be3 h6 14. Nf3 Nh5 15. Nbd2
Nf4 16. Bxf4 exf4 17. d4 g5 18. Bc4 Rb8 19. a5 Qf6 20. g3 Bh3 21. Rg1 Re7 22.
Qc2 Kh8 23. gxf4 Qxf4 24. Rg3 Bd7 25. Rf1 Qd6 26. Bd3 Rd8 27. Nc4 Qg6 28. Ne3
Qh5 29. Qg2 f6 30. Nd5 Be6 31. Nxe7 Nxe7 32. d5 Bc8 33. Nd4 Qe8 34. Ne6 Bxe6 35.
dxe6 Ng6 36. e5 Nxe5 37. Bf5 c6 38. Qe2 c5 39. Qe4 cxb4 40. cxb4 Qe7 41. Rc3 Bf8
42. Rfc1 Nc6 43. b5 axb5 44. a6 b4 45. Re3 Rd6 46. Bh3 Kg8 47. Qg6+ Kh8 48. Bg2
b3 49. Rxb3 bxa6 50. Bxc6 Rxe6 51. Rbb1 Qh7 52. Qxh7+ Kxh7 53. Bd7 Re7 54. Bf5+
1-0

[Event "Challenge"]
[Site "http://www.queenalice.com/game.php?id=1645681"]
[Date "2021.3.5"]
[Round "-"]
[White "shogun"]
[Black "TheWatcher"]
[Result "1-0"]
[WhiteElo "2593"]
[BlackElo "2256"]

1. e4 c5 2. Nf3 d6 3. c3 Nf6 4. Bc4 e6 5. Qe2 Be7 6. d4 cxd4 7. cxd4 O-O 8. e5
Nd5 9. O-O Nc6 10. Nc3 dxe5 11. dxe5 Nxc3 12. bxc3 Qc7 13. Bf4 Rd8 14. Bd3 b6
15. Rfd1 Na5 16. Bxh7+ Kxh7 17. Qe4+ Kg8 18. Qxa8 Bb7 19. Rxd8+ Bxd8 20. Qxa7 f6
21. Rd1 Bd5 22. Qxc7 Bxc7 23. Bg3 f5 24. Nd4 Bc4 25. a4 Nb7 26. Nb5 Bb8 27. Rd7
Bd5 28. Nd4 g6 29. c4 1-0

[Event "Challenge"]
[Site "http://www.queenalice.com/game.php?id=1648376"]
[Date "2021.4.1"]
[Round "-"]
[White "TheWatcher"]
[Black "shogun"]
[Result "0-1"]
[WhiteElo "2241"]
[BlackElo "2588"]

1. d4 Nc6 2. Nf3 d6 3. e4 Nf6 4. Nc3 Bg4 5. h3 Bxf3 6. gxf3 d5 7. e5 Nh5 8. Be3
g6 9. Qd2 Ng7 10. h4 Qd7 11. Bh3 e6 12. O-O-O O-O-O 13. Bg5 Be7 14. Ne2 Kb8 15.
Kb1 Rdg8 16. Rhe1 Qd8 17. Ng3 h6 18. Bxe7 Qxe7 19. c4 dxc4 20. Ne4 Rd8 21. Qc3
Qxh4 22. Bf1 Nf5 23. Bxc4 Nfxd4 24. Ba6 bxa6 25. Nc5 Qxf2 26. Rc1 Qxf3 27. Qc4
Rd5 28. Nxa6+ Kb7 29. Rc3 Qf5+ 30. Ka1 Qf2 31. Rb1 Na5 32. Qxc7+ Kxa6 33. b4 Rb5
34. a4 Nab3+ 35. Rbxb3 Nxb3+ 36. Rxb3 Qd4+ 0-1

[Event "Challenge"]
[Site "http://www.queenalice.com/game.php?id=1648377"]
[Date "2021.4.1"]
[Round "-"]
[White "shogun"]
[Black "TheWatcher"]
[Result "1-0"]
[WhiteElo "2594"]
[BlackElo "2239"]

1. e4 c5 2. Nf3 d6 3. c3 Nf6 4. Bc4 g6 5. e5 dxe5 6. Nxe5 e6 7. d4 Nbd7 8. Qe2
Nb6 9. Bb5+ Nfd7 10. dxc5 Bxc5 11. Nxd7 Nxd7 12. Qe5 f6 13. Qxc5 a6 14. Qa3 Qb6
15. Be2 Kf7 16. Be3 Qc7 17. Nd2 b5 18. Ne4 Ne5 19. f4 Nc4 20. Bxc4 bxc4 21.
O-O-O a5 22. Nd6+ Kg7 23. Qa4 Ra6 24. Ne8+ 1-0

[Event "Challenge"]
[Site "http://www.queenalice.com/game.php?id=1649087"]
[Date "2021.4.8"]
[Round "-"]
[White "shogun"]
[Black "ClivetheBeard"]
[Result "1/2-1/2"]
[WhiteElo "2592"]
[BlackElo "2657"]

1. e4 e6 2. c4 Ne7 3. d4 d5 4. exd5 exd5 5. Nc3 Nbc6 6. Be3 g6 7. Qb3 Be6 8. Nf3
Bg7 9. cxd5 Nxd5 10. Bc4 Nxe3 11. fxe3 Bxc4 12. Qxc4 O-O 13. O-O Qd7 14. Rac1
Rae8 15. Rfe1 Bh6 16. Kf2 Kh8 17. Na4 Qe7 18. Qb3 Nd8 19. Rc2 b6 20. g3 f5 21.
Nc3 c6 22. Kg2 g5 23. Rf2 Bg7 24. Ree2 Nf7 25. Qc4 Qd7 26. Rf1 Nd6 27. Qd3 Ne4
28. Nd2 Nc5 29. Qc4 Ne6 30. a4 f4 31. exf4 b5 32. axb5 cxb5 33. Nxb5 Nxf4+ 34.
gxf4 Qg4+ 35. Kf2 Rc8 36. Nc7 Rxc7 37. Qxc7 Bxd4+ 38. Ke1 Rc8 39. Qxc8+ Qxc8 40.
Nb3 Bf6 41. fxg5 Bxb2 42. Rxb2 Qc3+ 43. Rd2 Qxb3 44. Rf8+ Kg7 45. Rfd8 Kg6 46.
R2d5 1/2-1/2

[Event "Kasker 4"]
[Site "http://www.queenalice.com/game.php?id=1760111"]
[Date "2021.5.21"]
[Round "5"]
[White "shogun"]
[Black "Ahlkhanvio"]
[Result "1/2-1/2"]
[WhiteElo "2595"]
[BlackElo "2613"]

1. e4 e5 2. Nf3 Nf6 3. d4 Nxe4 4. Bd3 d5 5. Nxe5 Nd7 6. Nxd7 Bxd7 7. O-O Bd6 8.
c4 c6 9. Nc3 Nxc3 10. bxc3 O-O 11. cxd5 cxd5 12. Qh5 g6 13. Qxd5 Qc7 14. Bh6
Rfd8 15. Rae1 Bf5 16. Qf3 Bxd3 17. Qxd3 Bxh2+ 18. Kh1 Bf4 19. Bxf4 Qxf4 20. Kg1
Rac8 21. Re7 Rd5 22. g3 Qd6 23. Rxb7 Qc6 24. Rb3 Rh5 25. f3 Qd7 26. Qd2 Qh3 27.
Qg2 Qe6 28. g4 Ra5 29. Qd2 h5 30. c4 1/2-1/2

[Event "Challenge"]
[Site "http://www.queenalice.com/game.php?id=1760415"]
[Date "2021.5.25"]
[Round "-"]
[White "TheWatcher"]
[Black "shogun"]
[Result "0-1"]
[WhiteElo "2223"]
[BlackElo "2591"]

1. e4 Nc6 2. Nf3 Nf6 3. e5 Nd5 4. d4 d6 5. Bb5 a6 6. Bxc6+ bxc6 7. c4 Nb6 8. O-O
Nxc4 9. b3 Nb6 10. Nc3 g6 11. h3 Bg7 12. Qe2 Bf5 13. g4 Bc8 14. Ne4 h5 15. Bf4
hxg4 16. Nfg5 Nd5 17. Bg3 gxh3 18. exd6 O-O 19. dxc7 Nxc7 20. Rfd1 Nb5 21. Rac1
Nxd4 22. Qe3 e5 23. Rxc6 Bg4 24. Rd6 Qe7 25. Rd2 Rad8 26. Rxa6 f6 27. Nxf6+ Bxf6
28. Rxf6 Qxf6 29. f4 exf4 0-1